| 000 | 00639cam a2200217 4500500 | ||
|---|---|---|---|
| 005 | 20260405002905.0 | ||
| 041 | _afre | ||
| 042 | _adc | ||
| 100 | 1 | 0 |
_aPortevin, Catherine _eauthor |
| 245 | 0 | 0 | _aRéflexions sur la question antisémite |
| 260 | _c2019. | ||
| 500 | _a9 | ||
| 690 | _aAltérité | ||
| 690 | _aAntisémitisme | ||
| 690 | _aDelphine Horvilleur | ||
| 690 | _aHaine | ||
| 690 | _aJudaïsme | ||
| 690 | _aTotalité | ||
| 786 | 0 | _nPhilosophie magazine | 127 | 3 | 2019-03-01 | p. 40-42 | 1951-1787 | |
| 856 | 4 | 1 | _uhttps://shs.cairn.info/magazine-philosophie-magazine-2019-3-page-40?lang=fr&redirect-ssocas=7080 |
| 999 |
_c2062178 _d2062177 |
||